Quizzes
Events
Quiz Creation
Community
Videos
Private Events
Remove Ads
Sign In
Join for FREE
Feedback
Dark Mode
Quiz Categories
Sports
Geography
Music
Movies
Television
Just For Fun
Miscellaneous
History
Literature
Language
Science
Gaming
Entertainment
Religion
Holiday
For Kids
Quiz Lab
Recent
Popular Today
Quiz Kudos Today
Editor Picks
Curator Picks
Quizzes by...
Day
Popularity
Type
Ratings
Length
Year
Community
Subscriptions
Recent Discussions
Orange Saloon
Badges
Playlists
Quests
Create
Leaderboards
Showdown
Live 5
Trivia Bingo
Activity
Puzzle Library
Sporcle Events
Private Events
Virtual Trivia
Globe League
Become a Host
Pub Owners
SporcleCon
Opinionation
Our Games
Videos
Blog
Mobile Apps
Partnerships
Remove Ads and Go Orange
Feedback
Sports
Athletes
MLB
NBA
NHL
NFL
Soccer
Sports Teams
WWE
NCAA
Football
Premier League
Basketball
Baseball
Hockey
Golf
Tennis
Cricket
Rugby
Auto Racing
Olympics
World Cup
Sports
Athletes
MLB
NBA
NHL
NFL
Soccer
Sports Teams
WWE
NCAA
Football
Premier League
Basketball
Baseball
Hockey
Golf
Tennis
Cricket
Rugby
Auto Racing
Olympics
World Cup
Random Quiz
Search Sporcle
×
Quiz Lab
Quiz Lab
Sports
NBA
Type in answers that appear in a list
Type in answers that appear in a list
Classic
Best Score? Go Orange.
NBA Scoring Leaders by Team (2010s) Stats
Can you name the NBA team leaders in total points scored each season from 2010-11 to 19-20?
By
ShadyMcCoy
20m
300 Questions
8,287 Plays
8,287 Plays
8,287 Plays
Comments
Comments
Give Quiz Kudos
Give Quiz Kudos
-
- Ratings
hide this ad
Replay
Link that replays current quiz
Next Quiz
Link to next quiz in quiz playlist
You Got
0%
They Got
Avg Score
68%
Avg Friend Score
Upgrade to see
Score Distribution
Jump to the score distribution portion of the page
Score
0/300
Timer
20:00
0
Plays Today
Team
Player
% Correct
Boston Celtics
Kyrie Irving
98.2%
Boston Celtics
Kyrie Irving
98.1%
Cleveland Cavaliers
LeBron James
97.5%
Cleveland Cavaliers
LeBron James
97.5%
Miami Heat
LeBron James
97.5%
Miami Heat
LeBron James
97.5%
Miami Heat
LeBron James
97.5%
Miami Heat
LeBron James
97.5%
Cleveland Cavaliers
Kyrie Irving
97.5%
Cleveland Cavaliers
Kyrie Irving
97.5%
Cleveland Cavaliers
LeBron James
97.4%
Cleveland Cavaliers
LeBron James
97.3%
Los Angeles Lakers
LeBron James
97.3%
Los Angeles Lakers
LeBron James
97.3%
New York Knicks
Carmelo Anthony
96.7%
New York Knicks
Carmelo Anthony
96.7%
New York Knicks
Carmelo Anthony
96.7%
New York Knicks
Carmelo Anthony
96.7%
New York Knicks
Carmelo Anthony
96.7%
Denver Nuggets
Carmelo Anthony
96.7%
Boston Celtics
Paul Pierce
96.5%
Boston Celtics
Paul Pierce
96.5%
Boston Celtics
Paul Pierce
96.5%
Los Angeles Clippers
Kawhi Leonard
96.5%
Toronto Raptors
Kawhi Leonard
96.5%
New York Knicks
Carmelo Anthony
96.4%
Toronto Raptors
DeMar DeRozan
96.3%
Toronto Raptors
DeMar DeRozan
96.2%
San Antonio Spurs
DeMar DeRozan
96.2%
Toronto Raptors
DeMar DeRozan
96.2%
Toronto Raptors
DeMar DeRozan
96.2%
Toronto Raptors
DeMar DeRozan
96.2%
Toronto Raptors
DeMar DeRozan
96.2%
Golden State Warriors
Kevin Durant
96.1%
Philadelphia 76ers
Joel Embiid
96%
Oklahoma City Thunder
Kevin Durant
96%
Oklahoma City Thunder
Kevin Durant
96%
Oklahoma City Thunder
Kevin Durant
96%
Oklahoma City Thunder
Kevin Durant
96%
Oklahoma City Thunder
Kevin Durant
96%
Boston Celtics
Jayson Tatum
95.9%
Golden State Warriors
Kevin Durant
95.8%
Houston Rockets
James Harden
95.6%
Golden State Warriors
Steph Curry
95.3%
Golden State Warriors
Steph Curry
95.3%
Golden State Warriors
Steph Curry
95.3%
Golden State Warriors
Steph Curry
95.3%
Oklahoma City Thunder
Paul George
95.3%
Philadelphia 76ers
Joel Embiid
95.3%
Miami Heat
Jimmy Butler
95.2%
Houston Rockets
James Harden
95.1%
Golden State Warriors
Steph Curry
95.1%
Indiana Pacers
Paul George
95.1%
Indiana Pacers
Paul George
95.1%
Indiana Pacers
Paul George
95.1%
Portland Trail Blazers
Damian Lillard
95.1%
Washington Wizards
John Wall
95.1%
Washington Wizards
John Wall
95.1%
Washington Wizards
John Wall
95.1%
Washington Wizards
John Wall
95.1%
Washington Wizards
John Wall
95.1%
Washington Wizards
John Wall
95.1%
Detroit Pistons
Blake Griffin
95%
Indiana Pacers
Paul George
94.9%
Washington Wizards
John Wall
94.9%
Milwaukee Bucks
Giannis Antetokounmpo
94.9%
Denver Nuggets
Nikola Jokic
94.9%
Detroit Pistons
Derrick Rose
94.8%
Chicago Bulls
Derrick Rose
94.7%
Portland Trail Blazers
Damian Lillard
94.6%
Los Angeles Clippers
Blake Griffin
94.6%
Los Angeles Clippers
Blake Griffin
94.6%
Los Angeles Clippers
Blake Griffin
94.6%
Los Angeles Clippers
Blake Griffin
94.6%
New Orleans Pelicans
David West
94.5%
Houston Rockets
James Harden
94.5%
Houston Rockets
James Harden
94.5%
Houston Rockets
James Harden
94.5%
Houston Rockets
James Harden
94.5%
Los Angeles Clippers
Blake Griffin
94.5%
Portland Trail Blazers
Damian Lillard
94.4%
Portland Trail Blazers
Damian Lillard
94.4%
Portland Trail Blazers
Damian Lillard
94.4%
Portland Trail Blazers
Damian Lillard
94.4%
Portland Trail Blazers
Damian Lillard
94.3%
Portland Trail Blazers
Damian Lillard
94.3%
Los Angeles Lakers
Kobe Bryant
94.3%
Los Angeles Lakers
Kobe Bryant
94.3%
Los Angeles Lakers
Kobe Bryant
94.3%
Houston Rockets
James Harden
94.3%
Atlanta Hawks
Trae Young
94.3%
Houston Rockets
James Harden
94.2%
San Antonio Spurs
Kawhi Leonard
94.2%
San Antonio Spurs
Kawhi Leonard
94.2%
Washington Wizards
Bradley Beal
94.2%
Oklahoma City Thunder
Russell Westbrook
94.1%
Washington Wizards
Bradley Beal
94.1%
Milwaukee Bucks
Giannis Antetokounmpo
94%
Charlotte Hornets
Kemba Walker
94%
Oklahoma City Thunder
Russell Westbrook
93.9%
Team
Player
% Correct
Denver Nuggets
Nikola Jokic
93.9%
Phoenix Suns
Devin Booker
93.8%
New Orleans Pelicans
Anthony Davis
93.8%
New Orleans Pelicans
Anthony Davis
93.8%
New Orleans Pelicans
Anthony Davis
93.8%
Oklahoma City Thunder
Russell Westbrook
93.8%
Charlotte Hornets
Kemba Walker
93.7%
New Orleans Pelicans
Anthony Davis
93.6%
Charlotte Hornets
Kemba Walker
93.5%
New Orleans Pelicans
Anthony Davis
93.4%
Los Angeles Clippers
Chris Paul
93.3%
Los Angeles Clippers
Chris Paul
93.3%
Memphis Grizzlies
Marc Gasol
93.2%
Chicago Bulls
Pau Gasol
93.2%
Dallas Mavericks
Dirk Nowitzki
93.2%
Dallas Mavericks
Dirk Nowitzki
93.2%
Dallas Mavericks
Dirk Nowitzki
93.2%
Dallas Mavericks
Dirk Nowitzki
93.2%
Phoenix Suns
Devin Booker
93.1%
Charlotte Hornets
Kemba Walker
93.1%
Charlotte Hornets
Kemba Walker
93.1%
Minnesota Timberwolves
Karl-Anthony Towns
93.1%
Dallas Mavericks
Luka Doncic
93%
Toronto Raptors
Kyle Lowry
93%
Washington Wizards
Bradley Beal
92.9%
Memphis Grizzlies
Marc Gasol
92.8%
San Antonio Spurs
Tony Parker
92.7%
San Antonio Spurs
Tony Parker
92.7%
San Antonio Spurs
Tony Parker
92.7%
Miami Heat
Dwyane Wade
92.7%
Miami Heat
Dwyane Wade
92.7%
Milwaukee Bucks
Giannis Antetokounmpo
92.7%
Atlanta Hawks
Trae Young
92.6%
Memphis Grizzlies
Marc Gasol
92.6%
Minnesota Timberwolves
Karl-Anthony Towns
92.4%
Utah Jazz
Donovan Mitchell
92.3%
Boston Celtics
Isaiah Thomas
92.1%
Chicago Bulls
Jimmy Butler
92.1%
Minnesota Timberwolves
Karl-Anthony Towns
92.1%
Milwaukee Bucks
Giannis Antetokounmpo
91.8%
Boston Celtics
Isaiah Thomas
91.7%
Chicago Bulls
Jimmy Butler
91.7%
San Antonio Spurs
Tim Duncan
91.6%
Los Angeles Clippers
Lou Williams
91.6%
Denver Nuggets
Nikola Jokic
91.5%
Utah Jazz
Donovan Mitchell
91.4%
Phoenix Suns
Devin Booker
91.1%
Los Angeles Clippers
Lou Williams
91%
Brooklyn Nets
Deron Williams
90.7%
Brooklyn Nets
Deron Williams
90.7%
Phoenix Suns
Devin Booker
90.6%
Philadelphia 76ers
Lou Williams
90.6%
Dallas Mavericks
Luka Doncic
90.4%
Brooklyn Nets
D'Angelo Russell
90.3%
San Antonio Spurs
LaMarcus Aldridge
90.1%
Denver Nuggets
Nikola Jokic
90.1%
Orlando Magic
Dwight Howard
89.8%
Orlando Magic
Dwight Howard
89.8%
Chicago Bulls
Zach LaVine
89.7%
San Antonio Spurs
LaMarcus Aldridge
89.6%
Sacramento Kings
DeMarcus Cousins
89%
Sacramento Kings
DeMarcus Cousins
89%
Sacramento Kings
DeMarcus Cousins
89%
Sacramento Kings
DeMarcus Cousins
89%
Sacramento Kings
DeMarcus Cousins
89%
Utah Jazz
Donovan Mitchell
88.9%
Portland Trail Blazers
LaMarcus Aldridge
88.9%
Portland Trail Blazers
LaMarcus Aldridge
88.9%
Brooklyn Nets
Brook Lopez
88.5%
Brooklyn Nets
Brook Lopez
88.5%
Brooklyn Nets
Brook Lopez
88.5%
Sacramento Kings
DeMarcus Cousins
88.2%
Chicago Bulls
Zach LaVine
88.2%
Brooklyn Nets
Brook Lopez
88%
New York Knicks
Julius Randle
87.9%
Toronto Raptors
Pascal Siakam
87.8%
Minnesota Timberwolves
Andrew Wiggins
87.6%
Minnesota Timberwolves
Andrew Wiggins
86.3%
Minnesota Timberwolves
Andrew Wiggins
86.3%
Phoenix Suns
Devin Booker
86.2%
Minnesota Timberwolves
Kevin Love
86.2%
Minnesota Timberwolves
Kevin Love
86.2%
Minnesota Timberwolves
Kevin Love
86.2%
Orlando Magic
Nikola Vucevic
86%
Memphis Grizzlies
Mike Conley
85.8%
Detroit Pistons
Andre Drummond
85.8%
Detroit Pistons
Andre Drummond
85.8%
Indiana Pacers
Victor Oladipo
85.5%
New Orleans Pelicans
Brandon Ingram
84.4%
Memphis Grizzlies
Ja Morant
84.3%
Utah Jazz
Gordon Hayward
82.8%
Utah Jazz
Gordon Hayward
82.8%
Utah Jazz
Gordon Hayward
82.8%
Philadelphia 76ers
Tobias Harris
82.8%
Indiana Pacers
Domantas Sabonis
82.6%
Utah Jazz
Gordon Hayward
82%
San Antonio Spurs
Manu Ginobili
81.7%
Atlanta Hawks
Paul Millsap
81.5%
Atlanta Hawks
Paul Millsap
81.5%
Atlanta Hawks
Paul Millsap
81.5%
Team
Player
% Correct
New Orleans Pelicans
Julius Randle
81.5%
Milwaukee Bucks
Monta Ellis
79.3%
Golden State Warriors
Monta Ellis
79.3%
Dallas Mavericks
Monta Ellis
79.3%
Miami Heat
Goran Dragic
79.1%
Orlando Magic
Nikola Vucevic
79%
Miami Heat
Goran Dragic
78.9%
Brooklyn Nets
Joe Johnson
78.8%
Atlanta Hawks
Joe Johnson
78.8%
Memphis Grizzlies
Zach Randolph
78.2%
Memphis Grizzlies
Zach Randolph
78.2%
Memphis Grizzlies
Zach Randolph
78.2%
Memphis Grizzlies
Zach Randolph
78.2%
Cleveland Cavaliers
Collin Sexton
77.3%
Phoenix Suns
Goran Dragic
76.9%
Phoenix Suns
Goran Dragic
76.9%
Philadelphia 76ers
Thaddeus Young
76.9%
Orlando Magic
Aaron Gordon
76.9%
Sacramento Kings
Buddy Hield
76.8%
New York Knicks
Kristaps Porzingis
75.7%
Sacramento Kings
Buddy Hield
75.5%
New York Knicks
Amar'e Stoudemire
75.5%
Detroit Pistons
Reggie Jackson
75.1%
Charlotte Hornets
Stephen Jackson
75%
Cleveland Cavaliers
Collin Sexton
75%
Detroit Pistons
Josh Smith
74.7%
Atlanta Hawks
Josh Smith
74.7%
Atlanta Hawks
Josh Smith
74.7%
Los Angeles Lakers
Julius Randle
74.6%
Phoenix Suns
Steve Nash
74.5%
Detroit Pistons
Tobias Harris
70.8%
Sacramento Kings
Buddy Hield
69.9%
Milwaukee Bucks
Khris Middleton
69.9%
Milwaukee Bucks
Khris Middleton
69.9%
Oklahoma City Thunder
Shai Gilgeous-Alexander
69.7%
Philadelphia 76ers
Jrue Holiday
68.6%
Brooklyn Nets
Spencer Dinwiddie
67.7%
Indiana Pacers
Danny Granger
62.6%
Indiana Pacers
Danny Granger
62.6%
Orlando Magic
Evan Fournier
62.4%
Charlotte Hornets
Al Jefferson
62.1%
Charlotte Hornets
Al Jefferson
62.1%
Utah Jazz
Al Jefferson
62.1%
Utah Jazz
Al Jefferson
62.1%
Utah Jazz
Al Jefferson
62.1%
Sacramento Kings
Rudy Gay
60.1%
Memphis Grizzlies
Rudy Gay
60.1%
Phoenix Suns
Eric Bledsoe
59%
Dallas Mavericks
Harrison Barnes
58.9%
Chicago Bulls
Carlos Boozer
58.5%
Chicago Bulls
Carlos Boozer
58.5%
Boston Celtics
Jeff Green
58.3%
Orlando Magic
Evan Fournier
57.9%
Brooklyn Nets
Spencer Dinwiddie
57.8%
Dallas Mavericks
Harrison Barnes
57.7%
Orlando Magic
Evan Fournier
56.1%
Golden State Warriors
David Lee
56.1%
Milwaukee Bucks
Brandon Jennings
55.9%
Atlanta Hawks
Dennis Schroder
55.3%
Atlanta Hawks
Dennis Schroder
54.5%
Los Angeles Lakers
Jordan Hill
54.4%
Boston Celtics
Avery Bradley
52.5%
Miami Heat
Josh Richardson
52%
Denver Nuggets
Ty Lawson
51.9%
Denver Nuggets
Ty Lawson
51.9%
Denver Nuggets
Ty Lawson
51.9%
Los Angeles Lakers
Jordan Clarkson
50.9%
Los Angeles Lakers
Jordan Clarkson
49.3%
Charlotte Hornets
Devonte' Graham
48%
Philadelphia 76ers
Jahlil Okafor
47.5%
Chicago Bulls
Lauri Markkanen
47.5%
Indiana Pacers
Bojan Bogdanovic
43%
Houston Rockets
Kevin Martin
42.9%
Detroit Pistons
Greg Monroe
42.7%
Detroit Pistons
Greg Monroe
42.7%
Denver Nuggets
Kenneth Faried
40.7%
Golden State Warriors
Eric Paschall
37.8%
Chicago Bulls
Taj Gibson
37.8%
Milwaukee Bucks
Brandon Knight
37.4%
Philadelphia 76ers
Robert Covington
36.6%
New York Knicks
Kevin Knox
31.8%
Toronto Raptors
Andrea Bargnani
30.5%
Cleveland Cavaliers
Antwan Jamison
30.2%
Philadelphia 76ers
Dario Saric
28.3%
Detroit Pistons
Tayshaun Prince
26.9%
New Orleans Pelicans
Ryan Anderson
26.3%
Philadelphia 76ers
Elton Brand
26%
Minnesota Timberwolves
Nikola Pekovic
25.7%
Dallas Mavericks
O.J. Mayo
24.9%
Denver Nuggets
Will Barton
24.3%
Orlando Magic
Arron Afflalo
21.1%
Orlando Magic
Arron Afflalo
21.1%
Houston Rockets
Luis Scola
19.7%
Charlotte Hornets
Gerald Henderson
18%
Phoenix Suns
Marcin Gortat
17.8%
Indiana Pacers
C.J. Miles
15.6%
Los Angeles Lakers
Jodie Meeks
11%
Cleveland Cavaliers
J.J. Hickson
8.8%
Milwaukee Bucks
John Salmons
7.9%
New Orleans Pelicans
Marco Belinelli
6.4%
Quiz Playlist
Details
Report
Send in Message
Add To Playlist
Classic:
Type in answers that appear in a list
Last Updated: May 1, 2020
Quiz Scoreboard
CHALLENGE
Sign Up to Join the Scoreboard
Show All
Scores
Hide
Comments
May contain spoilers
Recently Published
Presidents Visiting Landmarks
by Hejman
History
7m
An Introduction to Baseball
by treessimontrees
Sports
5m
Movies - When Are They Set?
by FPL_Elf
Movies
5m
More to Explore
Quiz From the Vault
Featured Blog Post
Where Did the Easter Bunny Come From?
hide this ad
You Might Also Like...
Tags
NBA Quiz
2010
Leader
Player
point
Scoring
season
team
total
Today's Top Quizzes in Sports
Browse Sports
hide this ad
Today's Top Quizzes in NBA
Browse NBA
Top Contributed Quizzes in Sports
1
Les meilleurs buteurs des matchs entre le PSG et l’OM
2
2022 World Cup Stars
3
FIFA Club World Cup Champions
4
Les entraîneurs de l'OM et du PSG au 21e siècle
5
Name the Premier League winners with different clubs
6
La finale Lions - Afrique du Sud 2021
7
England Test cricketers to play under Nasser Hussain
8
5-to-1: UK Sports Teams
9
Les joueurs passés par le LOSC et le RC Lens
10
Criteria MLB: Left Handed Sluggers
Explore More
Trending Topics
Crossword
Marvel
Disney
Anime
Harry Potter
Kpop
NBA
The Office
Puzzle
Country
NFL
WWE
Soccer
Song
Pokémon
hide this ad
More By:
ShadyMcCoy
Quiz
Plays
Rating
Category
Featured
Created
Last 8 Elite 8s
54,150
4.59
Sports
Mar 29, 2014
NFL Top 100 Rushers (2015)
29,832
4.33
Sports
Jan 4, 2016
2015-2016 NBA Top 25 by Category
9,907
5.00
Sports
Apr 20, 2016
2013-2014 NBA Top 25 by Category
9,176
4.27
Sports
Apr 22, 2014
NBA Scoring Leaders by Team (2010s)
8,287
4.69
Sports
Jul 19, 2016
Go to Creator's Profile
Score Distribution
Quiz Creator Spotlight
ShadyMcCoy
Follow
Send a Message
Quizzes Created
-
Created Quiz Play Count
-
More By This Creator
Popular Quizzes Today
1
Find the Countries of Europe - No Outlines Minefield
2
Find the US States - No Outlines Minefield
3
The Countries of the World
4
Popular People in 1961
5
Find the US States
6
US States
7
1-10 Letter E Words III
8
Risky Map Clicking: Biggest States A-Z
More Sports Quizzes
Keegan: LEGO'd
Quiz Lab
Trending Quizzes
Risky Map Clicking: Least Populous States A-Z
1-10 Letter F Words
1-10 Letter G Words
One Thing in Common: United Kingdom
Risky Map Clicking: Next State Alphabetically
Recently Updated
Leaping Animals
pecheneg
Reality TV Shows (A-Z)
bhenderson79
Rickey Henderson's Hall of Fame Teammates
pecheneg
Champions League XIs: Arsenal
pecheneg
Quick Pick: Celebrities in WWE's Hall of Fame
aduchscher
A-Z Keypad Blitz II
pecheneg
Multiple Oscar Actors
pecheneg
Mystery Phrase Blitz: Oscar 'Best Actors'
pecheneg
F. Scott Fitzgerald Novels
LTH
Pick 3 Villains
ddd62291
Trending Topics
Harry Potter
Kpop
NBA
Anime
Marvel
Disney
Crossword
Song
Soccer
Pokémon
The Office
WWE
Country
NFL
Puzzle
Your Account Isn't Verified!
In order to create a playlist on Sporcle, you need to verify the email address you used during registration. Go to your
Sporcle Settings
to finish the process.
Report this User
Report this user for behavior that violates our
Community Guidelines
.
Details:
Send Report
Go to the Sporcle.com Mobile Site →
Comments